Normal view
MARC view
- Varela Crespo, Laura
Entry Nombre Personal
001 - NUMERO DE CONTROL
- campo de control: 49893
003 - IDENTIFICADOR DE NUMERO DE CONTROL
- campo de control: UPN
005 - FECHA Y HORA DE LA ÜLTIMA TRANSACCIÓN
- campo de control: 20230906131839.0
008 - DATOS DE LONGITUD FIJA
- campo de control de longitud fija: 230906|| acn||aabn | a|a d
024 7# - OTROS IDENTIFICADORES NORMALIZADOS
- Fuente: orcid
- Número normalizado o código: https://orcid.org/0000-0002-1693-8496
040 ## - FUENTE DE CATALOGACIÓN
- Agencia original de catalogación: MX-MxUPN
100 ## - ENCABEZAMIENTO - NOMBRE PERSONAL
- Nombre personal: Varela Crespo, Laura
370 ## - LUGAR ASOCIADO
- Associated country: España
371 ## - DIRECCIÓN
- Electronic mail address: laura.varela@usc.es
372 ## - CAMPO DE ACTIVIDAD
- Field of activity: Educación social. Pedagogía social. Política educativa.
373 ## - GRUPO ASOCIADO
- Associated group: Universidad de Santiago de Compostela. Departamento de Pedagogía y Didáctica.
- Associated group: Grupo de investigación: Pedagogía Social y Educación Ambiental
374 ## - OCUPACIÓN
- Occupation: Profesora - investigadora universitaria
670 ## - FUENTE EN LA QUE SE LOCALIZARON DATOS
- Cita de la fuente: En sitio web: Universidad de Santiago de Compostela.
- Información localizada: (Laura María Varela Crespo)
- Uniform Resource Identifier: https://www.usc.gal/es/departamento/pedagogia-didactica/directorio/laura-maria-varela-crespo-147309
902 ## - CATALOGADOR
- Catalogador: BLSM/060823
